Diabetes mellitus / (Record no. 132663)

MARC details
000 -LEADER
campo de control de longitud fija 00699nam a2200217 4500
001 - NÚMERO DE CONTROL
campo de control 132663
003 - IDENTIFICADOR DE NÚMERO DE CONTROL
campo de control ES-MaACL
005 - FECHA Y HORA DE LA ÚLTIMA TRANSACCIÓN
campo de control 20230906194225.0
007 - CAMPO FIJO DE DESCRIPCIÓN FÍSICA--INFORMACIÓN GENERAL
campo de control de longitud fija t|
008 - DATOS DE LONGITUD FIJA--INFORMACIÓN GENERAL
campo de control de longitud fija 070214s1953 sp r ||||1| spa d
100 1# - ENTRADA PRINCIPAL--NOMBRE DE PERSONA
Nombre de persona Root, Howard F.
9 (RLIN) 99532
245 10 - MENCIÓN DEL TÍTULO
Título Diabetes mellitus /
Mención de responsabilidad, etc. Howard F. Root y Priscilla White ; versión española por D. Luis Martín Sanz.
260 ## - PUBLICACIÓN, DISTRIBUCIÓN, ETC.
Lugar de publicación, distribución, etc. Madrid :
Nombre del editor, distribuidor, etc. Castilla,
Fecha de publicación, distribución, etc. 1953.
300 ## - DESCRIPCIÓN FÍSICA
Extensión X, 367 p. ;
Dimensiones 21 cm.
490 1# - MENCIÓN DE SERIE
Mención de serie Manuales para el médico general
700 1# - ENTRADA AGREGADA--NOMBRE PERSONAL
Nombre de persona White, Priscilla.
9 (RLIN) 116683
700 1# - ENTRADA AGREGADA--NOMBRE PERSONAL
Nombre de persona Martín Sanz, Luis.
9 (RLIN) 77656
830 0# - PUNTO DE ACCESO ADICIONAL DE SERIE-TÍTULO UNIFORME
Título uniforme Manuales para el médico general
9 (RLIN) 186904
852 ## - LOCALIZACIÓN
Ubicación ES-MaACL
Número de control de estantería C-16014
Sublocalización o colección R.44048
Holdings
Estatus retirado Estado de pérdida Estado de daño No para préstamo Biblioteca de origen Biblioteca actual Ubicación en estantería Fecha de adquisición Fuente de adquisición Total de préstamos Signatura topográfica completa Código de barras Visto por última vez Precio de reemplazo Tipo de ítem Koha
        Biblioteca del Ateneo de Madrid Biblioteca del Ateneo de Madrid Ficheros 17/01/2008     C-16014 1138114 23/02/2023 23/02/2023 Libro impreso